Hawaiian Cities With the Biggest Population - Statistics

General Stats
  • This quiz has been taken 25 times
  • The average score is 3 of 10
Answer Stats
Island of Location Population Answer % Correct
O'ahu 337,256 Honolulu
100%
Hawaii/Big Island 43,263 Hilo
81%
O'ahu 47,698 Pearl City
43%
O'ahu 38,635 Kailua
29%
O'ahu 49,914 East Honolulu
24%
O'ahu 34,597 Kaneohe
24%
O'ahu 38,216 Waipahu
24%
Maui 26,337 Kahului
14%
O'ahu 22,690 Ewa Gentry
5%
O'ahu 34,597 Mililani
5%
No matching quizzes found
Score Distribution
Percent of People with Each Score
Percentile by Number Answered
Your Score History
You have not taken this quiz